书目信息 |
| 题名: |
拉波夫的语言变化观
|
|
| 作者: | 孙金华 著 | |
| 分册: | ||
| 出版信息: | 南京 南京大学出版社 2009.01 |
|
| 页数: | 204页 | |
| 开本: | 23cm | |
| 丛书名: | 社会语言学丛书 | |
| 单 册: | ||
| 中图分类: | H0 | |
| 科图分类: | ||
| 主题词: | 社会语言学--she hui yu yan xue--研究 | |
| 电子资源: | ||
| ISBN: | 978-7-305-05571-3 | |
| 000 | 01052nam 2200289 450 | |
| 001 | 012009843413 | |
| 005 | 20090621101655.48 | |
| 010 | @a978-7-305-05571-3@dCNY28.00 | |
| 100 | @a20090621d2009 km y0chi0120 ea | |
| 101 | 0 | @achi |
| 102 | @aCN@b320000 | |
| 105 | @ay a 000yy | |
| 106 | @ar | |
| 200 | 1 | @a拉波夫的语言变化观@Ala bo fu de yu yan bian hua guan@d= Labov's theory of language change@f孙金华著@Fsun jin hua zhu@zeng |
| 210 | @a南京@c南京大学出版社@d2009.01 | |
| 215 | @a204页@d23cm | |
| 225 | 2 | @a社会语言学丛书@Ashe hui yu yan xue cong shu |
| 300 | @a解放军国际关系学院院长科研基金资助 | |
| 320 | @a有书目 (第194-202页) | |
| 330 | @a本书从现代语言学理论中语言变化观的发展谈起,分析讨论了拉波夫的早期研究、近期的总结性著作以及他在社会语言学理论上的贡献。 | |
| 410 | 0 | @12001 @a社会语言学丛书 |
| 510 | 1 | @aLabov's theory of language change@zeng |
| 606 | 0 | @a社会语言学@Ashe hui yu yan xue@x研究 |
| 690 | @aH0@v4 | |
| 701 | 0 | @a孙金华@Asun jin hua@4著 |
| 801 | 0 | @aCN@bQSSK@c20090621 |
| 905 | @b744523-25@dH0@eS922@f3 | |
| 拉波夫的语言变化观= Labov's theory of language change/孙金华著.-南京:南京大学出版社,2009.01 |
| 204页;23cm.-(社会语言学丛书) |
| 解放军国际关系学院院长科研基金资助 |
| ISBN 978-7-305-05571-3:CNY28.00 |
| 本书从现代语言学理论中语言变化观的发展谈起,分析讨论了拉波夫的早期研究、近期的总结性著作以及他在社会语言学理论上的贡献。 |
| ● |
| 相关链接 |
|
|
|
正题名:拉波夫的语言变化观
索取号:H0/S922
 
预约/预借
| 序号 | 登录号 | 条形码 | 馆藏地/架位号 | 状态 | 备注 |
| 1 | 744523 | 207445237 | 语言库209/209语言库 61排3列5层/ [索取号:H0/S922] | 在馆 | |
| 2 | 744524 | 207445246 | 语言库209/209语言库 61排3列5层/ [索取号:H0/S922] | 在馆 | |
| 3 | 744525 | 207445255 | 语言库209/209语言库 61排3列5层/ [索取号:H0/S922] | 在馆 |